Технологии эксплуатации скважин погружеными насосами при низких забойных давлениях; Нефтяное хозяйство; № 6

Bibliografiske detaljer
Parent link:Нефтяное хозяйство: научно-технический производственный журнал.— , 1925-1940, 1946-.— 0028-2448
№ 6.— 2003.— С. 86-89
Hovedforfatter: Дроздов А. Н.
Sprog:russisk
Udgivet: 2003
Serier:Нефтегазопромысловое оборудование
Fag:
Format: MixedMaterials Book Chapter
KOHA link:https://koha.lib.tpu.ru/cgi-bin/koha/opac-detail.pl?biblionumber=387507

MARC

LEADER 00000naa2a2200000 4500
001 387507
005 20231101063621.0
035 |a (RuTPU)RU\TPU\prd\17236 
090 |a 387507 
100 |a 20030911a2003 k y0rusy50 ca 
101 0 |a rus 
102 |a RU 
200 1 |a Технологии эксплуатации скважин погружеными насосами при низких забойных давлениях  |f А. Н. Дроздов 
225 1 |a Нефтегазопромысловое оборудование 
320 |a Библиогр.: 11 назв. 
461 1 |0 (RuTPU)RU\TPU\prd\1638  |x 0028-2448  |t Нефтяное хозяйство  |o научно-технический производственный журнал  |d 1925-1940, 1946- 
463 1 |0 (RuTPU)RU\TPU\prd\16246  |t № 6  |v С. 86-89  |d 2003 
610 1 |a скважинф 
610 1 |a забойные давления 
610 1 |a насосное оборудование 
610 1 |a эксплуатация 
675 |a 622.276.53  |v 3 
700 1 |a Дроздов  |b А. Н. 
801 1 |a RU  |b 63413507  |c 20030911  |g PSBO 
801 2 |a RU  |b 63413507  |c 20131028  |g RCR 
942 |c BK